| 000 | 00775nam a2200229 a 4500 | ||
|---|---|---|---|
| 005 | 20210223132428.0 | ||
| 008 | 140825s2010 mx r 000 0 spa d | ||
| 020 | _a9786074695731 (SEP) | ||
| 020 | _a9786077759287 (Lumen) | ||
| 035 | _aUPN01000199100 | ||
| 049 | _aI | ||
| 050 | 4 |
_aSB736 _bW3.8a |
|
| 100 | 1 |
_aWais de Badgen, Irene _935989 |
|
| 245 | 1 | 0 |
_aVirus : _b¿qué son y cómo afectan a las plantas? / _cIrene Wais de Badgen y Graciela Godoy de Sadorín ; il. Guillermo Tomati. |
| 260 |
_aMéxico : _bSEP : _bLumen, _c2010. |
||
| 300 |
_a48 p. : _bil. col. |
||
| 440 | 0 |
_aLibros del rincón. _pAstrolabio |
|
| 650 | 4 |
_aENFERMEDADES POR VIRUS EN LAS PLANTAS _911137 |
|
| 700 | 1 |
_aGodoy de Sadorín, Graciela, _ecoaut. |
|
| 905 | _aInfantil | ||
| 999 |
_c171201 _d171201 |
||